| 000 | 01356 a2200325 4500 | ||
|---|---|---|---|
| 005 | 20180525143734.0 | ||
| 008 | 090427t xxu||||| |||| 00| 0 eng d | ||
| 010 | _aENG-89947 B-309125-137 | ||
| 020 |
_a8123014333 _c200.00 |
||
| 035 | _aEN-73480 | ||
| 035 | _a B-309125-137 | ||
| 035 | _a B-309125-137, A-724508 | ||
| 035 | _a B-358517 | ||
| 037 | _bDBAD / VEN | ||
| 037 | _bBharat Pustak Bhandar | ||
| 040 |
_adpl _bEnglish |
||
| 082 | _a929.920954 | ||
| 100 | _aSingh , K.V. | ||
| 245 |
_aOur national flag/ _cby K.V. Singh [and] S.K. Chatterjee |
||
| 250 | _arev. ed | ||
| 260 |
_aNew Delhi _bPublications Division _c2007 |
||
| 260 |
_aDelhi _bBharat Pustak Bhandar (Vendor) |
||
| 270 |
_a Ministry of Information and Broadcasting, Govt. of India,Soochna Bhawan, CGO Complex, Lodhi Road _bNew Delhi _cDelhi _e110003 |
||
| 270 |
_aPhase-E - 1/265 A , Gali No. 16, Sonia Vihar _bDelhi-94 |
||
| 300 |
_a198p.: _c24 cm. (Pbk) _bcol. & b & w photos, flags |
||
| 700 | _aChatterjee, S.K. | ||
| 942 |
_adpl _cEN _k929.920954 / SIN _2ddc _h929.920954 _mSIN |
||
| 999 |
_c11681 _d11681 |
||